Émile ou de l'education /

Hlavní autor: Rousseau, Jean-Jacques, 1712-1778
Jazyk: Francouzština
Vydáno: Berlin : Asher & Co, [1920?]
Fyzický popis: 505 s.
Knihy
Uloženo v:
LEADER 00604nam a22002052a 4500
001 001066547
003 CZ BrMZK
005 20100527205059.0
007 ta
008 091124q19201929gw er|||||||||||fre d
040 |a BOA001  |b cze 
100 1 |a Rousseau, Jean-Jacques,  |d 1712-1778  |7 jn19990007193  |4 aut 
245 1 0 |a Émile ou de l'education /  |c Jean Jacques Rousseau 
260 |a Berlin :  |b Asher & Co,  |c [1920?] 
300 |a 505 s. 
910 |a BOA001  |b 1-0303.170 
990 |a BK 
993 |a Y 
991 |b 200911 
996 7 |b 2619385789  |c 1-0303.170  |l MZK  |r Sklad / do 1 hodiny  |n 2  |w 001097604  |u 000010  |a 1  |e BOA001  |j MZK50  |s A